000
00252nam a2200121Ia 4500
100
_a
#N/A
942
_c
BK
245
_a
IBM Information Management DB 2 @ 9.7 Academic Workshop
260
_b
#N/A
082
_b
21802
546
_a
ENGLISH
999
_c
20605
_d
20605